00931cam a2200313 a 45000010005000000030006000050050017000110080041000280100017000690200022000860200017001080400023001250500014001480820011001621000022001732450070001952600035002653000059003004400027003595000023003865050007004095200060004165210020004765210019004966500029005156500019005446500022005637000032005854727FISKH20240926112843.0980428s1998 nyua b 000 1 eng  a 98020284  a0590396382 (pbk.) a078073003990 aDLCcDLCdDLCbeng aPZ8.M127  a428.6 1 aMaccarone, Grace.10aI have a cold /cby Grace Maccarone ; illustrated by Betsy Lewin. aNew York :bScholastic,c1998. a30 unnumbered pages : bcolor illustrations ; c23 cm  0aHello reader!nLevel 1 a"Cartwheel books." aF  aA sick child describes how it feels to have a bad cold. a320 bLexile  aF bRaz-Plus  1aCold (Disease)xFiction. 1aSickxFiction. 1aStories in rhyme.1 aLewin, Betsy,eillustrator